000 01950cam a22003614a 4500
001 85130
005 20230410105506.0
008 090205s2008 sp ab b 001 0 spa
010 _a2009444539
035 _a(OCoLC)ocn423756792
040 _aDLC
_cDLC
020 _a9788489116399
020 _a8489116393
035 _a(OCoLC)423756792
043 _ae-sp---
050 1 4 _aHC 390
_bG492i 2008
100 1 _aGiner Pérez, José Miguel.
245 1 3 _aLa industria de alta tecnología en España :
_bfactores de localización y dinámica espacial /
_cJosé Miguel Giner Pérez.
260 _aMadrid :
_bFundación de las Cajas de Ahorros,
_c2008
300 _axiii, 746 p. :
_bill., maps. ;
_c24 cm.
440 0 _aEstudios de la Fundacion / Serie Tesis ;
_v30
500 _aOriginally presented as the author's thesis (doctoral)--Universidad de Alicante, 2007.
504 _aIncludes bibliographical references (p. 717-744) and index
505 0 _aLa localización de las industrias de alta tecnología: Marco teórico y empírico-- La localización industrial en España: una revisión de la evidencia empírica-- La industria de alta tecnología en España: aspectos introductorios y metodológicos-- Localización y dinámica espacial de los sectores de alta tecnología en España: un análisis macro-- Identificación territorial y análisis de las aglomeraciones industriales de alta tecnología-- Factores explicativos de la localización de la industria de alta tecnología: un análisis macro-- Factores explicativos de la localización de la industria de alta tecnología: un análisis micro--
650 0 _aHigh technology industries
_xLocation
_zSpain.
650 0 _aIndustrial location
_zSpain.
651 4 _aEspaña
_xIndustrias de alta tecnología
_yLocalización
651 4 _aEspaña
_xLocalización industrial
923 _d20090430
_n159358
_sSP-BaPL
942 _2lcc
_cbk
994 _aC0
_bDRFGD
946 _arpeña
999 _c37815
_d37815